| 000 | 00349nam a2200121Ia 4500 | ||
|---|---|---|---|
| 008 | 230907s9999||||xx |||||||||||||| ||und|| | ||
| 082 | _a621.319,IBR | ||
| 100 |
_aIbrahim, Mohamed A., _968665 |
||
| 245 | 0 | _aDisturbance analysis for power systems | |
| 260 |
_aWiley : | IEEE Press, _bHoboken, N.J. : _c2012 |
||
| 300 | _axviii, 717 p. : | ||
| 942 | _cBK | ||
| 999 |
_c598037 _d598037 |
||